000 00640nam a22002057a 4500
999 _c65546
_d65546
005 20240530110830.0
008 190903s2008 ua a g b 000 0 ara d
017 _bمصر. دار الكتب
040 _aEG-CaGPL
_cEG-CaGPL
082 0 4 _221
_a810.803548 \
_bح أ
100 0 _aحكمت بشير الاسود
245 1 0 _aادب الرثاء فى بلاد الرافدين /
_cحكمت بشير الاسود
250 _aط.1
260 _aالقاهرة :
_c2008
300 _a240 ص. ؛
_c24 سم.
650 0 7 _2qrmak
_aالرثاء
651 _2qrmak
942 _2ddc
_cBK